| 000 | 01516nam a22002537a 4500 | ||
|---|---|---|---|
| 999 |
_c60225 _d60225 |
||
| 003 | Ge_BSU | ||
| 005 | 20230620160226.0 | ||
| 008 | 230620s1988 ge ||||| |||| 00| 0 geo d | ||
| 041 | _ageo | ||
| 080 | _a016:929(479.22) გ-61 | ||
| 245 |
_aგიორგი ნიორაძე (1886-1951) : _bბიობიბლიოგრაფია / _cვ. გოგილაშვილი, ე. დოლიძე ; საქ. სსრ მეცნ. აკად., ცენტრ. სამეცნ. ბიბ-კა. |
||
| 264 |
_aთბილისი : _b მეცნიერება, _c1988. |
||
| 300 |
_a117 გვ. : _b1 ფ. პორტ. ; _c21 სმ. |
||
| 490 | _aბიობიბლიოგრაფიული სერია "ქართველი მეცნიერები" | ||
| 500 | _aწინასიტყვ. პარალ. სათ. რუს. და ინგლ. ენებზე | ||
| 653 | _aნიორაძე, გიორგი | ||
| 653 | _aარქეოლოგია | ||
| 653 | _aქართველი არქეოლოგები | ||
| 653 | _aბიობიბლიოგრაფია | ||
| 700 |
_aგოგილაშვილი, ვ. _eშემდგენელი _91974 |
||
| 700 |
_aდოლიძე, ე. _eშემდგენელი _91427 |
||
| 710 |
_aსაქ. სსრ მეცნ. აკადემია _bცენტრ. სამეცნ. ბიბლიოთეკა. _918827 |
||
| 942 |
_2udc _cBK |
||